000 01157nam a22003377a 4500
003 CHAP
005 20220817042702.0
008 971013s1988 r 00010 d
010 _a52247
011 _a53219
035 _a57369
040 _cCHAP
082 _a547
_bP6
100 0 0 _aPomilio, Alicia B.
_990755
245 _aMétodos experimetales de laboratorio en química orgánica
260 _aWashington, D.C. :
_bSecretaría General de la Organización de los Estados Americanos,
_c1988
300 _a86 p.
490 _aQuímica
_v; 33
590 _aBATCH-UPD
_b10
_c20130110
_lUCH01
_h0812
590 _aBATCH-UPD
_b10
_c20130410
_lUCH01
_h0448
590 _aBATCH-UPD
_b10
_c20130914
_lUCH01
_h1950
590 _aCONVERSION
_b10
_c20130109
_lUCH01
_h1328
650 1 4 _aQuímica orgánica
_xManuales de laboratorio.
_993601
700 0 _aVitale, Arturo A.
_9120008
710 0 _aOrganización de los Estados Americanos.
830 _aQuímica
_v; 33
_993553
901 _aBK
942 _cLIBRO
949 _a547 P6
_bBC
_cLIBRO
_d33724000916433
_eLIBRO
_fc.2
_h75040
_i57369
_si
949 _a547 P6
_bBC
_cLIBRO
_d33724000988952
_eLIBRO
_h75039
_i57369
_si
999 _c52247
_d52247